LEADER 01138nam a2200265 i 4500 001 991001544819707536 008 060324s2003 it 00 0 ita d 020 $a8824490158 035 $ab13389166-39ule_inst 040 $aISUFI - Sett. Diritti e Politiche Euromediterranee$bita 082 0 $a342.0852 245 03$aLa privacy in internet /$ca cura di Andrea Lisi ; contributi di E. Ancona...[et al.] ; introduzione di D. Diurisi, postfazione di A. Sirotti Gaudenzi 260 $aNapoli :$bEsselibri Simone,$c2003 300 $a271 p. ;$c21 cm 440 0$aDiritto & informatica ;$v41/25 650 4$aInternet$xPrivacy 650 4$aDiritto alla riservatezza 700 1 $aLisi, Andrea 907 $a.b13389166$b15-04-09$c24-03-06 912 $a991001544819707536 945 $aLE029 342.0858 LIS01.01$g1$i2029000007374$lle029$og$pE15.00$q-$rn$so $t0$u2$v0$w2$x0$y.i1432751x$z28-11-06 945 $aLE025 ECO 342 LIS01.01$g1$i2025000120471$lle025$og$pE15.00$q-$rl$s- $t0$u6$v1$w6$x0$y.i14616117$z22-11-07 996 $aPrivacy in internet$91089967 997 $aUNISALENTO 998 $ale029$ale025$b24-03-06$cm$da $e-$fita$git $h3$i0